Sports Quiz

Random Sports or Soccer Quiz

Top 30 Foreign Premier League Appearance Makers Quiz Stats

 Plays Quiz not verified by Sporcle

Score 0/30 Timer 05:00
4 Plays Today
Clubs - Nation Name % Correct
Chelsea, Arsenal - Czech RepublicPetr Čech
91.8%
Manchester United, Everton - USATim Howard
88.9%
Aston Villa, Manchester United, Blackburn Rovers, Birmingham City, Sunderland - Trinidad And TobagoDwight Yorke
86.2%
Arsenal, Chelsea - SpainCesc Fàbregas
85.3%
Arsenal, Manchester City, Liverpool - Ivory CoastKolo Touré
85%
Wigan Athletic, Manchester United - EcuadorAntonio Valencia
81%
Arsenal, Liverpool, Manchester City, Bolton Wanderers, Chelsea, West Bromwich Albion - FranceNicolas Anelka
79.8%
Liverpool, Blackburn Rovers, Aston Villa, Tottenham Hotspur - USABrad Friedel
79.2%
Arsenal - NetherlandsDennis Bergkamp
78.1%
Middlesbrough, Fulham, Chelsea, Leicester City - AustraliaMark Schwarzer
77.9%
Manchester United, Aston Villa, Manchester City - DenmarkPeter Schmeichel
73.5%
Fulham, Manchester United - NetherlandsEdwin van der Sar
72.2%
Liverpool - FinlandSami Hyypiä
72.1%
Chelsea, Middlesbrough, Stoke City, Leicester City - GermanyRobert Huth
70.7%
Liverpool, Fulham - NorwayJohn Arne Riise
68.8%
Clubs - Nation Name % Correct
Chelsea, Arsenal, Tottenham Hotspur - FranceWilliam Gallas
67.1%
Arsenal, Manchester City - FranceGaël Clichy
64.1%
Manchester City, West Ham United - ArgentinaPablo Zabaleta
63.6%
Newcastle United, Aston Villa, West Ham United - PeruNolberto Solano
60.3%
Newcastle United, Manchester City, Portsmouth, Everton, AFC Bournemouth - FranceSylvain Distin
59.9%
Bolton Wanderers, West Ham United - FinlandJussi Jääskeläinen
58.3%
Newcastle United, Fulham, Manchester United, Everton, Tottenham Hotspur, Sunderland - FranceLouis Saha
57.9%
Sunderland, Aston Villa, Stoke City - DenmarkThomas Sørensen
52.4%
Arsenal, Manchester City - FrancePatrick Vieira
49.8%
Arsenal, Southampton, Fulham, West Ham United - PortugalLuís Boa Morte
42.6%
Fulham, Tottenham Hotspur, Sunderland - FranceSteed Malbranque
37.7%
Coventry City, Aston Villa, Middlesbrough, Hull City - NetherlandsGeorge Boateng
33.2%
Newcastle United, Crystal Palace - NigeriaShola Ameobi
30.1%
Crystal Palace, Wimbledon, Ipswich Town, Charlton Athletic, Portsmouth - IcelandHermann Hreiðarsson
29%
Southampton - NorwayClaus Lundekvam
15.4%

You're not logged in!

Compare scores with friends on all Sporcle quizzes.
OR
Log In

Sporcle TV

Today on Sporcle TV


Watch our educational content, quiz creation guides, and fun videos on Sporcle TV.

Show Comments

Extras

Top Quizzes Today


Score Distribution

Your Account Isn't Verified!

In order to create a playlist on Sporcle, you need to verify the email address you used during registration. Go to your Sporcle Settings to finish the process.

Report this User

Report this user for behavior that violates our Community Guidelines.

Details: